[Event "X MIEDZYNARODOWY JUBILEUSZOWY FESTIWAL S"]
[Site "LAZY, OW "]
[Date "2014.07.07"]
[Round "8.18"]
[White "Mazalon, Mariusz"]
[Black "Mitura, Vaclav"]
[Result "1/2-1/2"]
[WhiteElo "2043"]
[BlackElo "2098"]
[PlyCount "115"]
[EventDate "2014.??.??"]

1. d4 d5 2. c4 c6 3. Nf3 Nf6 4. Qc2 g6 5. cxd5 cxd5 6. Nc3 Nc6 7. Bf4 Bg7 8. e3
O-O 9. Bb5 Bd7 10. O-O Rc8 11. Bxc6 Bxc6 12. Rfc1 Nd7 13. a4 a5 14. Qb3 Nb8 15.
Bxb8 Rxb8 16. Nb5 Qb6 17. Rc5 e5 18. Qc3 exd4 19. exd4 Rfe8 20. Ne5 Re6 21. Rc1
Rbe8 22. f4 g5 23. f5 Rxe5 24. dxe5 Rxe5 25. Kh1 d4 26. Qc4 Rxc5 27. Qxc5 Qxc5
28. Rxc5 d3 29. Rc1 Bxb2 30. Rd1 Bxb5 31. axb5 a4 32. Rxd3 a3 33. Rd8+ Kg7 34.
Ra8 Kf6 35. g4 Ke5 36. h4 h6 37. Kg2 Kd4 38. hxg5 hxg5 39. Kf3 Kc4 40. Ke4 Kxb5
41. Ra7 Kc4 42. f6 b5 43. Kf5 Kb3 44. Rxf7 a2 45. Ra7 Ba3 46. Rxa3+ Kxa3 47. f7
a1=Q 48. f8=Q+ b4 49. Kxg5 Qc1+ 50. Kh5 Qh1+ 51. Kg6 Qc6+ 52. Kh5 Qh1+ 53. Kg6
Qe4+ 54. Kh6 Ka2 55. Qf2+ Ka3 56. Qa7+ Kb2 57. Qf2+ Ka3 58. Qa7+ 1/2-1/2

[Event "X MIEDZYNARODOWY JUBILEUSZOWY FESTIWAL S"]
[Site "LAZY, OW "]
[Date "2014.07.07"]
[Round "8.19"]
[White "Madynski, Pawel"]
[Black "Lukasiewicz, Anna"]
[Result "0-1"]
[WhiteElo "2086"]
[BlackElo "2062"]
[PlyCount "114"]
[EventDate "2014.??.??"]

1. Nc3 c5 2. e4 Nc6 3. Bb5 Nd4 4. Bc4 e6 5. Nge2 Ne7 6. O-O d5 7. exd5 exd5 8.
Nxd5 Nxd5 9. Nxd4 cxd4 10. Qh5 Be6 11. Re1 Be7 12. Rxe6 O-O 13. Re1 Nf6 14. Qf3
Rc8 15. d3 b5 16. Bb3 Bb4 17. Re2 Qd7 18. a3 Ba5 19. Bd2 Bxd2 20. Rxd2 Rfe8 21.
Rdd1 Re5 22. Re1 Rce8 23. Rxe5 Rxe5 24. Kf1 h5 25. h3 Qc7 26. Re1 Rxe1+ 27.
Kxe1 a5 28. a4 bxa4 29. Bxa4 Qb8 30. b3 Qb4+ 31. Kd1 Qc3 32. Qc6 Qa1+ 33. Ke2
Kh7 34. Qc4 Qc1 35. g3 h4 36. g4 Qh1 37. g5 Qxh3 38. Qxd4 Nh5 39. Bd7 Qh2 40.
Ke3 g6 41. Bg4 Ng7 42. Qf4 Qg1 43. Qf3 Qc1+ 44. Ke2 Qxc2+ 45. Kf1 Qc1+ 46. Ke2
Qxg5 47. Qh3 f5 48. Bf3 Ne6 49. Kd1 Qg1+ 50. Kd2 Qxf2+ 51. Kc3 Qd4+ 52. Kc2
Qc5+ 53. Kb2 Qf2+ 54. Ka3 Nf4 55. Qh1 Nxd3 56. Bd5 Qc5+ 57. Ka2 Nb4+ 0-1

[Event "X MIEDZYNARODOWY JUBILEUSZOWY FESTIWAL S"]
[Site "LAZY, OW "]
[Date "2014.07.07"]
[Round "8.20"]
[White "Harazinska, Ewa"]
[Black "Walter, Szymon"]
[Result "0-1"]
[WhiteElo "2062"]
[BlackElo "1977"]
[PlyCount "64"]
[EventDate "2014.??.??"]

1. d4 Nf6 2. c4 e6 3. Nc3 Bb4 4. Qc2 Nc6 5. Nf3 d6 6. Bd2 a5 7. b3 e5 8. d5 Ne7
9. e4 Ng6 10. a3 Bxc3 11. Bxc3 O-O 12. Bd3 Nf4 13. O-O N6h5 14. b4 f5 15. c5
Nxd3 16. Qxd3 Nf4 17. Qc4 fxe4 18. Nd2 axb4 19. Bxb4 Bh3 20. Nxe4 Bxg2 21. f3
Bxf1 22. Rxf1 c6 23. cxd6 cxd5 24. Qa2 Rf7 25. Nc3 Qb6+ 26. Kh1 Qc6 27. Re1 Re8
28. Rd1 d4 29. Ne4 Nd5 30. Ng5 Rf5 31. Rg1 g6 32. h3 Kg7 0-1

[Event "X MIEDZYNARODOWY JUBILEUSZOWY FESTIWAL S"]
[Site "LAZY, OW "]
[Date "2014.07.07"]
[Round "8.21"]
[White "Zaleski, Lukasz"]
[Black "Filewicz, Przemyslaw"]
[Result "1-0"]
[WhiteElo "1867"]
[BlackElo "1924"]
[PlyCount "120"]
[EventDate "2014.??.??"]

1. e4 g6 2. d4 Bg7 3. Nc3 d6 4. Be3 Nf6 5. f3 a6 6. Qd2 Nbd7 7. O-O-O O-O 8.
Bh6 c5 9. d5 b5 10. g4 b4 11. Nce2 Ne5 12. Ng3 Qa5 13. Kb1 c4 14. Bxg7 Kxg7 15.
g5 Ne8 16. f4 Nd7 17. Bxc4 Nb6 18. Bb3 Qb5 19. c4 Qc5 20. Qd4+ Qxd4 21. Rxd4 a5
22. Bc2 Nc7 23. b3 Na6 24. N1e2 Nc5 25. Rdd1 Bg4 26. h3 Bf3 27. Rhg1 Ra7 28.
Rdf1 Bxe2 29. Nxe2 a4 30. Kb2 Rfa8 31. Ra1 Nbd7 32. Nd4 Nb8 33. e5 Rb7 34. Nb5
a3+ 35. Kc1 Rxb5 36. cxb5 Ra5 37. Kd2 Rxb5 38. exd6 exd6 39. Ke3 Nbd7 40. Rgd1
h5 41. h4 Rb8 42. Kd4 Nb6 43. Rac1 Nc8 44. Bd3 Nxd3 45. Rxd3 Ne7 46. Rc6 Nxc6+
47. dxc6 Rb5 48. Kc4 Rc5+ 49. Kxb4 Rxc6 50. Kxa3 Kf8 51. b4 Ke7 52. Kb3 Rc1 53.
a4 Ke6 54. a5 Kd7 55. Rc3 Ra1 56. Rc2 d5 57. Rc5 Kd6 58. Rc8 Ke6 59. Rc6+ Kf5
60. a6 Kxf4 1-0

[Event "X MIEDZYNARODOWY JUBILEUSZOWY FESTIWAL S"]
[Site "LAZY, OW "]
[Date "2014.07.07"]
[Round "8.22"]
[White "Kovalev, Egor"]
[Black "Januszkiewicz, Wojciech"]
[Result "1-0"]
[WhiteElo "2187"]
[BlackElo "1852"]
[PlyCount "157"]
[EventDate "2014.??.??"]

1. Nf3 Nf6 2. d4 g6 3. g3 Bg7 4. Bg2 O-O 5. O-O d5 6. c4 Nc6 7. cxd5 Nxd5 8.
Nc3 Nb6 9. e3 e5 10. d5 Na5 11. e4 Nac4 12. a4 a5 13. b3 Nd6 14. Ba3 Bd7 15.
Re1 Nbc8 16. Rc1 Ne7 17. Rc2 Re8 18. Qc1 Rc8 19. Nd2 c5 20. dxc6 Rxc6 21. Nd5
Rxc2 22. Nxe7+ Qxe7 23. Qxc2 Qe6 24. Qc7 Bf8 25. Qxa5 Bc6 26. Bb2 Bh6 27. Bc1
Rc8 28. Qb4 Bf8 29. Qb6 Bh6 30. Nf1 Bxc1 31. Rxc1 Bd7 32. Rxc8+ Bxc8 33. Ne3
Ne8 34. Qd8 Qd7 35. Qxd7 Bxd7 36. Bf1 Nd6 37. f3 Kf8 38. Nc4 Nxc4 39. Bxc4 b6
40. Kf2 Ke7 41. Ke3 f6 42. Kd3 h6 43. Kc3 Be8 44. Kb4 Kd6 45. Bd3 Bd7 46. a5
Kc7 47. f4 Be8 48. Bc4 Bc6 49. Bd3 Kb7 50. Bc2 g5 51. fxg5 fxg5 52. axb6 Kxb6
53. Kc4 Bb7 54. b4 Bc6 55. Bd3 Bb7 56. Kc3 Bc6 57. Kd2 g4 58. Ke3 h5 59. Bc4
Be8 60. Kd3 Bg6 61. Bd5 Kb5 62. Kc3 Bh7 63. Bf7 Bxe4 64. Bxh5 Bf5 65. Be8+ Kb6
66. Kc4 Be6+ 67. Kd3 Bf5+ 68. Kc3 Be6 69. Bg6 Kb5 70. Kd3 Bd5 71. Bh5 Bf3 72.
Kc3 e4 73. Be8+ Kb6 74. Kd4 Bg2 75. Bg6 e3 76. Kxe3 Kb5 77. Kf4 Kxb4 78. Kxg4
Kc5 79. Kf5 1-0

[Event "X MIEDZYNARODOWY JUBILEUSZOWY FESTIWAL S"]
[Site "LAZY, OW "]
[Date "2014.07.07"]
[Round "8.23"]
[White "Lebiedowicz, Borys"]
[Black "Zebracki, Tomasz"]
[Result "1-0"]
[WhiteElo "1833"]
[BlackElo "2019"]
[PlyCount "122"]
[EventDate "2014.??.??"]

1. e4 e6 2. d4 d5 3. Nc3 Nf6 4. Bg5 dxe4 5. Nxe4 Nbd7 6. Nf3 Be7 7. Nxf6+ Bxf6
8. h4 h6 9. Bxf6 Nxf6 10. c3 Qd6 11. Qd2 b6 12. O-O-O Bb7 13. Ne5 Rf8 14. Bb5+
c6 15. Bc4 O-O-O 16. f4 Nd7 17. Rhf1 c5 18. Qe2 Nxe5 19. fxe5 Qc6 20. Rd2 cxd4
21. cxd4 Kb8 22. Kb1 Qe4+ 23. Qxe4 Bxe4+ 24. Ka1 Rc8 25. b3 Kb7 26. Rdf2 Bf5
27. d5 Rfd8 28. Be2 Kb8 29. d6 Rc2 30. g4 Rxe2 31. Rxe2 Bd3 32. Ref2 Bxf1 33.
Rxf1 Rd7 34. g5 hxg5 35. hxg5 g6 36. Kb2 Kb7 37. Kc3 Kc6 38. Kd4 Kb7 39. a4 Kc6
40. b4 Kb7 41. a5 Kc6 42. Rc1+ Kb7 43. Rc2 Ka6 44. Rc6 Kb7 45. b5 bxa5 46. Kc5
Kb8 47. Ra6 Kb7 48. Rxa5 Rd8 49. Ra6 Rd7 50. Rc6 Kb8 51. Kb4 Kb7 52. Ka5 Ka8
53. Ka6 Kb8 54. Rc7 Rd8 55. Rb7+ Ka8 56. Rxa7+ Kb8 57. Rb7+ Ka8 58. Rxf7 Kb8
59. Rb7+ Ka8 60. d7 Rf8 61. Rc7 Rb8 1-0

[Event "X MIEDZYNARODOWY JUBILEUSZOWY FESTIWAL S"]
[Site "LAZY, OW "]
[Date "2014.07.07"]
[Round "8.24"]
[White "Sawicki, Mikolaj"]
[Black "Tomaszewski, Kacper"]
[Result "1/2-1/2"]
[WhiteElo "1965"]
[BlackElo "2012"]
[PlyCount "129"]
[EventDate "2014.??.??"]

1. e4 c5 2. c3 d5 3. exd5 Qxd5 4. d4 Nc6 5. Nf3 e5 6. Nxe5 Nxe5 7. dxe5 Qxe5+
8. Be3 Nf6 9. Na3 Be7 10. Bb5+ Bd7 11. Qa4 a6 12. Bxd7+ Nxd7 13. O-O-O O-O-O
14. Rhe1 Nb6 15. Qg4+ f5 16. Qf3 Rxd1+ 17. Rxd1 Rd8 18. Rxd8+ Bxd8 19. Qf4 Qxf4
20. Bxf4 Kd7 21. c4 Bf6 22. b3 g5 23. Be3 Kc6 24. f4 g4 25. Kd2 Nc8 26. Kd3 Nd6
27. Nc2 b5 28. Bd2 h5 29. Bc3 Bxc3 30. Kxc3 Ne4+ 31. Kd3 h4 32. Ne3 Nd6 33. Nd5
Kd7 34. Ne3 b4 35. Nc2 Ne4 36. a3 a5 37. axb4 axb4 38. Ne3 Nd6 39. Nd5 Ke6 40.
Nc7+ Kf6 41. Nd5+ Kg6 42. Ne7+ Kh5 43. Nd5 Ne4 44. Ne3 Nd6 45. Nf1 h3 46. g3
Ne4 47. Kc2 Kg6 48. Kd3 Kf6 49. Kc2 Ke6 50. Kd3 Nd6 51. Ne3 Nb7 52. Kc2 Na5 53.
Kb2 Nc6 54. Kc2 Nd4+ 55. Kb2 Kd6 56. Nf1 Ne2 57. Kc2 Ke6 58. Kb2 Kf6 59. Kc2
Kg6 60. Kd3 Nd4 61. Nd2 Kh5 62. Ke3 Nc2+ 63. Kf2 Nd4 64. Ke3 Ne6 65. Nf1
1/2-1/2

[Event "X MIEDZYNARODOWY JUBILEUSZOWY FESTIWAL S"]
[Site "LAZY, OW "]
[Date "2014.07.07"]
[Round "8.25"]
[White "Zolobowski, Grzegorz"]
[Black "Pilzak, Marcin"]
[Result "0-1"]
[WhiteElo "2046"]
[BlackElo "1968"]
[PlyCount "180"]
[EventDate "2014.??.??"]

1. d4 Nf6 2. c4 c5 3. d5 e6 4. Nc3 exd5 5. cxd5 d6 6. Nf3 g6 7. g3 Bg7 8. Bg2
O-O 9. O-O Bg4 10. Nd2 Qd7 11. Nc4 b5 12. Ne3 b4 13. Nxg4 Qxg4 14. Na4 Na6 15.
e4 Rad8 16. Qd3 Nc7 17. a3 a5 18. axb4 axb4 19. Nb6 Nd7 20. h3 Ne5 21. Qb3 Qe2
22. f4 Nd3 23. Qd1 Qxd1 24. Rxd1 Nxc1 25. Raxc1 Bxb2 26. Rc2 Bg7 27. Nc4 Nb5
28. e5 Nc3 29. Re1 dxe5 30. Nxe5 Rfe8 31. Rcc1 Rd6 32. Nc4 Bd4+ 33. Kf1 Rdd8
34. d6 b3 35. Rxe8+ Rxe8 36. d7 Rd8 37. Bc6 b2 38. Nxb2 Nd5 39. Nc4 Nf6 40. Ne5
Kf8 41. Bb5 Bxe5 42. fxe5 Nxd7 43. Bxd7 Rxd7 44. Rxc5 Ke7 45. Kf2 Rd3 46. h4 h5
47. Rc2 Ke6 48. Re2 Rd5 49. Kg2 Rxe5 50. Rf2 Re3 51. Rf4 f6 52. Kf2 Ra3 53.
Re4+ Kf5 54. Rb4 Rd3 55. Kg2 Re3 56. Rb5+ Re5 57. Rb4 Re4 58. Rb2 Kg4 59. Rf2
f5 60. Ra2 Re3 61. Ra4+ Re4 62. Ra6 Re2+ 63. Kf1 Kf3 64. Rxg6 Ra2 65. Ke1 Ra1+
66. Kd2 Rg1 67. Rg5 Rg2+ 68. Kd1 Rg1+ 69. Kd2 Rg2+ 70. Ke1 Rg1+ 71. Kd2 Rxg3
72. Rxh5 Rg2+ 73. Ke1 Rg1+ 74. Kd2 Rg2+ 75. Ke1 Rg1+ 76. Kd2 f4 77. Rg5 Rh1 78.
h5 Kf2 79. Kd3 f3 80. Rf5 Rh4 81. Kd2 Rd4+ 82. Kc3 Rh4 83. Kd2 Rh3 84. Kd1 Kg2
85. Kd2 Kf2 86. Rg5 Kf1 87. Kd1 Rh2 88. Rf5 f2 89. Kd2 Kg1 90. Rg5+ Rg2 0-1

[Event "X MIEDZYNARODOWY JUBILEUSZOWY FESTIWAL S"]
[Site "LAZY, OW "]
[Date "2014.07.07"]
[Round "8.26"]
[White "Krainski, Slawomir"]
[Black "Szewczak, Andrzej"]
[Result "1-0"]
[WhiteElo "2039"]
[BlackElo "1976"]
[PlyCount "101"]
[EventDate "2014.??.??"]

1. d4 f5 2. Nc3 Nf6 3. Bg5 d5 4. f3 c6 5. Qd3 g6 6. e4 fxe4 7. fxe4 dxe4 8.
Nxe4 Nxe4 9. Qxe4 Qa5+ 10. Bd2 Qf5 11. Bd3 Bg7 12. Qe2 Qe6 13. Bc4 Qxe2+ 14.
Nxe2 b5 15. Bb3 Bb7 16. O-O Nd7 17. Bf7+ Kd8 18. Ba5+ Nb6 19. Rad1 Kc8 20. Nf4
Nd5 21. Be6+ Kb8 22. Nxd5 cxd5 23. Rf7 Bf6 24. Bb4 a5 25. Bxe7 Bxe7 26. Rxe7
Ra6 27. Rf1 b4 28. Rf3 a4 29. a3 Rb6 30. h4 h6 31. Bd7 g5 32. Bxa4 gxh4 33. Rb3
Rg8 34. Rxb4 Rxb4 35. axb4 h3 36. Re8+ Rxe8 37. Bxe8 hxg2 38. Kxg2 Kc7 39. Kg3
Bc8 40. Kf4 Kd6 41. b3 Be6 42. Bh5 Bh3 43. Be2 Bd7 44. c4 Bh3 45. c5+ Kc6 46.
b5+ Kb7 47. Ke5 Bg2 48. Kd6 Be4 49. c6+ Kb6 50. Bg4 h5 51. Bd7 1-0

[Event "X MIEDZYNARODOWY JUBILEUSZOWY FESTIWAL S"]
[Site "LAZY, OW "]
[Date "2014.07.07"]
[Round "8.27"]
[White "Kowalski, Maciej"]
[Black "Zylka, Stanislaw"]
[Result "1/2-1/2"]
[WhiteElo "1984"]
[BlackElo "1939"]
[PlyCount "61"]
[EventDate "2014.??.??"]

1. Nf3 c5 2. g3 Nc6 3. c4 g6 4. Bg2 Bg7 5. Nc3 e5 6. O-O Nge7 7. d3 O-O 8. a3
d6 9. Rb1 h6 10. b4 Rb8 11. b5 Nd4 12. Qa4 a6 13. e3 axb5 14. Nxb5 Nxb5 15.
Qxb5 Bd7 16. Qb6 Bc6 17. Nd2 Qd7 18. e4 f5 19. f3 Ba4 20. Rf2 Nc6 21. Bb2 Bf6
22. Ba1 Kh7 23. Nf1 Bd8 24. Qb2 b5 25. cxb5 Rxb5 26. Qa2 Rf7 27. Ne3 Rxb1+ 28.
Qxb1 fxe4 29. fxe4 Rxf2 30. Kxf2 Qf7+ 31. Ke2 1/2-1/2

[Event "X MIEDZYNARODOWY JUBILEUSZOWY FESTIWAL S"]
[Site "LAZY, OW "]
[Date "2014.07.07"]
[Round "8.28"]
[White "Spicak, Krzysztof"]
[Black "Woloch, Oskar"]
[Result "1/2-1/2"]
[WhiteElo "1933"]
[BlackElo "1929"]
[PlyCount "184"]
[EventDate "2014.??.??"]

1. d4 c5 2. d5 e5 3. e4 d6 4. Nc3 a6 5. a4 Be7 6. Nf3 Bg4 7. h3 Bxf3 8. Qxf3
Bg5 9. Be3 Bxe3 10. Qxe3 Nf6 11. Be2 Nbd7 12. O-O O-O 13. Ra3 Rb8 14. a5 Re8
15. Rb1 Qc7 16. Bc4 Nh5 17. Ne2 g6 18. g4 Ng7 19. Ng3 Rf8 20. Kh2 Qd8 21. f4
exf4 22. Qxf4 Ne5 23. Be2 Qh4 24. Rf1 f6 25. Rb3 Rf7 26. Rb6 Rd8 27. Kg2 Ne8
28. Rf2 Rc8 29. c4 Kg7 30. Bf1 Rcc7 31. Be2 Rfe7 32. Qd2 Nf7 33. Bf1 Ng5 34.
Kh2 Rxe4 35. Bg2 Re5 36. Qf4 Rf7 37. b4 cxb4 38. Rxb4 Rfe7 39. Rb3 Nf7 40. Rf1
Qh6 41. Qxh6+ Kxh6 42. h4 Kg7 43. Rfb1 Nd8 44. Rb6 Re1 45. Rxe1 Rxe1 46. Ne4
Kf7 47. Nxd6+ Nxd6 48. Rxd6 Ke7 49. Rb6 Rc1 50. d6+ Kd7 51. Bd5 Ra1 52. Bxb7
Nxb7 53. Rxb7+ Kxd6 54. Rb6+ Kc5 55. Rxa6 Kxc4 56. Rxf6 Rxa5 57. Rf7 Kd5 58.
Rxh7 Ke6 59. Rb7 Ra3 60. Rb6+ Kf7 61. Rd6 Rb3 62. Rd4 Ra3 63. Kg2 Kg7 64. Re4
Rb3 65. g5 Ra3 66. Rf4 Rb3 67. Rf3 Rb4 68. Kg3 Ra4 69. Rf4 Ra1 70. Rb4 Rg1+ 71.
Kf4 Rf1+ 72. Ke5 Re1+ 73. Re4 Rd1 74. Ke6 Rd2 75. Ke5 Rd1 76. Re3 Rf1 77. Rb3
Re1+ 78. Kf4 Rf1+ 79. Kg3 Rg1+ 80. Kh2 Ra1 81. Rb7+ Kg8 82. Kg3 Ra4 83. Rd7 Rb4
84. Re7 Ra4 85. Re6 Kg7 86. Rf6 Rb4 87. Rf4 Rb1 88. Rd4 Rg1+ 89. Kf2 Ra1 90.
Rd7+ Kg8 91. Kf3 Ra4 92. Kg3 Rb4 1/2-1/2

[Event "X MIEDZYNARODOWY JUBILEUSZOWY FESTIWAL S"]
[Site "LAZY, OW "]
[Date "2014.07.08"]
[Round "9.1"]
[White "Tomczak, Jacek"]
[Black "Nurkiewicz, Maciej"]
[Result "1-0"]
[WhiteElo "2551"]
[BlackElo "2392"]
[PlyCount "127"]
[EventDate "2014.??.??"]

1. e4 e5 2. Nf3 Nc6 3. d4 exd4 4. Nxd4 Nf6 5. Nxc6 bxc6 6. e5 Qe7 7. Qe2 Nd5 8.
g3 g6 9. c4 Ba6 10. b3 Bg7 11. Bb2 O-O 12. Bg2 Rae8 13. O-O Bxe5 14. Qxe5 Qxe5
15. Bxe5 Rxe5 16. cxd5 Bxf1 17. Kxf1 cxd5 18. Nc3 c6 19. Na4 Rb8 20. Nc5 Re7
21. Bh3 f5 22. Bg2 Rb4 23. Rd1 Kf8 24. Bf3 Ke8 25. Be2 Kd8 26. a3 Rb6 27. b4
Kc7 28. Nb3 Kd6 29. Rc1 Re8 30. Rc5 Rc8 31. Ra5 Rc7 32. Nc5 Ke7 33. Kg2 Kf6 34.
Na6 Rc8 35. Nc5 Rc7 36. Kf3 Ke5 37. Ke3 Kf6 38. Kd2 Ke7 39. Bd3 Kf6 40. Na6 Rc8
41. Nc5 Rc7 42. h4 Ke7 43. Ke3 Kf6 44. Kf4 h6 45. h5 g5+ 46. Kf3 d6 47. Na4 Rb8
48. Ke3 Re8+ 49. Kd2 Ke5 50. Nc3 f4 51. g4 Ree7 52. Be2 Kf6 53. Bf3 Re5 54. Ne2
Re8 55. Nd4 Ke5 56. Kd3 Rb8 57. Nf5 Rh8 58. Ra6 Rhh7 59. Nd4 c5 60. Nc6+ Ke6
61. bxc5 dxc5 62. Nd4+ Kd7 63. Nb5 Rb7 64. a4 1-0

[Event "X MIEDZYNARODOWY JUBILEUSZOWY FESTIWAL S"]
[Site "LAZY, OW "]
[Date "2014.07.08"]
[Round "9.3"]
[White "Jarmula, Pawel"]
[Black "Warakomski, Tomasz"]
[Result "1/2-1/2"]
[WhiteElo "2140"]
[BlackElo "2505"]
[PlyCount "84"]
[EventDate "2014.??.??"]

1. d4 Nf6 2. c4 e6 3. Nc3 Bb4 4. e3 c5 5. Nf3 d5 6. Bd3 Nc6 7. O-O O-O 8. a3
Bxc3 9. bxc3 dxc4 10. Bxc4 Qc7 11. Bb2 b6 12. Qe2 Bb7 13. Rfd1 Na5 14. Ne5 Nxc4
15. Qxc4 Rac8 16. Rac1 Rfd8 17. Qe2 Nd7 18. Nxd7 Rxd7 19. e4 h6 20. f3 Rcd8 21.
Kh1 Qc8 22. Qe3 Ba6 23. Kg1 Bc4 24. Rd2 Qc6 25. Rcd1 Qa4 26. Kf2 Kf8 27. Rc1 a5
28. Rcd1 Bb3 29. Re1 Qc6 30. Rc1 a4 31. Re1 Qc7 32. Kg1 Qa7 33. Kf2 Qb8 34. Kg1
Kg8 35. Rc1 Rd6 36. Re1 R8d7 37. Rc1 Qd8 38. Re2 b5 39. Ree1 Bc4 40. Rcd1 Bb3
41. Rc1 Bc4 42. Rcd1 Bb3 1/2-1/2

Bc4 42. Rcd1 Bb3 1/2-1/2

[Event "X MIEDZYNARODOWY JUBILEUSZOWY FESTIWAL S"]
[Site "LAZY, OW "]
[Date "2014.07.08"]
[Round "9.4"]
[White "Krainski, Aleksander"]
[Black "Shishkin, Vadim"]
[Result "1/2-1/2"]
[WhiteElo "2212"]
[BlackElo "2489"]
[PlyCount "87"]
[EventDate "2014.??.??"]

1. d4 Nf6 2. Nf3 g6 3. Bf4 Bg7 4. e3 d6 5. Be2 b6 6. c3 O-O 7. O-O Bb7 8. h3
Nbd7 9. a4 a6 10. Nbd2 Qe8 11. Bh2 e5 12. b4 Qe7 13. Qb3 Rfc8 14. Rac1 a5 15.
b5 Re8 16. Rfd1 Rad8 17. Bf1 h6 18. c4 Ne4 19. Nxe4 Bxe4 20. Ne1 Kh7 21. d5 Nc5
22. Qa3 g5 23. Nd3 Bxd3 24. Bxd3+ e4 25. Bc2 f5 26. Rf1 Rf8 27. Rce1 Kh8 28.
Qc1 Rde8 29. Qd2 Be5 30. f4 Bg7 31. Qe2 Qf7 32. fxg5 hxg5 33. g4 Be5 34. Rxf5
Qg7 35. Bxe5 Rxe5 36. Rxf8+ Qxf8 37. Rf1 Qg7 38. Qf2 Kg8 39. Qf6 Qxf6 40. Rxf6
Kg7 41. Rf1 Nd7 42. Kg2 Re7 43. Bd1 Rf7 44. Rxf7+ 1/2-1/2

[Event "X MIEDZYNARODOWY JUBILEUSZOWY FESTIWAL S"]
[Site "LAZY, OW "]
[Date "2014.07.08"]
[Round "9.5"]
[White "Sharapov, Evgeny"]
[Black "Kosiorek, Marek"]
[Result "1/2-1/2"]
[WhiteElo "2377"]
[BlackElo "2361"]
[PlyCount "103"]
[EventDate "2014.??.??"]

1. e4 c6 2. d4 d5 3. Nc3 dxe4 4. Nxe4 Bf5 5. Ng3 Bg6 6. h4 h6 7. Nf3 Nd7 8. h5
Bh7 9. Bd3 Bxd3 10. Qxd3 e6 11. Bd2 Ngf6 12. O-O-O Be7 13. Kb1 Qc7 14. Qe2 Rd8
15. Ne5 O-O 16. Ng6 Rfe8 17. Nxe7+ Rxe7 18. Nf5 Ree8 19. Ne3 Ne4 20. Bc1 Ndf6
21. g4 Qb6 22. Ka1 c5 23. dxc5 Qxc5 24. Rxd8 Rxd8 25. Rd1 Rxd1 26. Nxd1 Qd5 27.
Ne3 Qd4 28. c3 Qc5 29. f3 Ng5 30. Nc2 Qg1 31. Kb1 a6 32. Nd4 Nd5 33. Kc2 Nb4+
34. cxb4 Qxd4 35. a3 Qd5 36. f4 Nf3 37. Kb1 Nd4 38. Qe5 Qxe5 39. fxe5 Nc6 40.
Bf4 Kf8 41. Kc2 Ke7 42. Kd3 Kd7 43. Ke4 Ke7 44. Be3 f6 45. exf6+ Kxf6 46. Bd2
Kf7 47. Bc3 b5 48. b3 Kf8 49. Bb2 Kf7 50. Kf4 g5+ 51. Ke4 Kf8 52. Bc3 1/2-1/2

[Event "X MIEDZYNARODOWY JUBILEUSZOWY FESTIWAL S"]
[Site "LAZY, OW "]
[Date "2014.07.08"]
[Round "9.6"]
[White "Adamowicz, Maciej"]
[Black "Pazderski, Ziemowit"]
[Result "0-1"]
[WhiteElo "2089"]
[BlackElo "2262"]
[PlyCount "148"]
[EventDate "2014.??.??"]

1. Nf3 Nf6 2. g3 g6 3. Bg2 Bg7 4. O-O O-O 5. c4 d6 6. Nc3 e5 7. d3 h6 8. Rb1 a5
9. a3 Re8 10. Nd2 c6 11. b4 axb4 12. axb4 d5 13. b5 Be6 14. Bb2 Nbd7 15. Qc2
Qe7 16. Rfc1 Rec8 17. Qd1 d4 18. bxc6 bxc6 19. Nce4 Ne8 20. Nb3 Ra2 21. Qc2
Rca8 22. Ra1 Qb4 23. Ned2 Rxa1 24. Rxa1 Rxa1+ 25. Bxa1 Qa4 26. Qb1 Bf8 27. Bb2
Bb4 28. Qa1 Qxa1+ 29. Bxa1 c5 30. Bc6 f5 31. Bb2 Kf7 32. Kf1 Ke7 33. Ke1 Kd6
34. Bg2 Nb6 35. Kd1 Bd7 36. e3 Nf6 37. h3 Na4 38. Ba1 Bc3 39. exd4 exd4 40.
Bxc3 Nxc3+ 41. Ke1 Ba4 42. Na5 Nd7 43. Ndb3 Kc7 44. Kd2 Kb6 45. Bf3 Ne5 46. Bg2
g5 47. h4 gxh4 48. gxh4 Ng6 49. h5 Nf4 50. Bf3 Na2 51. Bd1 Nb4 52. Nxd4 Bxd1
53. Nxf5 Ba4 54. d4 cxd4 55. Nxd4 Kxa5 56. Nf5 Nxh5 57. Nxh6 Kb6 58. Kc3 Kc5
59. Ng4 Nc6 60. Ne3 Ne5 61. Kd2 Nf4 62. Kc3 Nh3 63. f3 Nxf3 64. Kd3 Bc6 65. Kc3
Ne5 66. Kb3 Nf2 67. Kc3 Ba4 68. Kb2 Kd4 69. Ka3 Bc6 70. Nf5+ Kxc4 71. Ne3+ Kc3
72. Ka2 Be4 73. Nf1 Kd3 74. Ka1 Nh1 0-1

[Event "X MIEDZYNARODOWY JUBILEUSZOWY FESTIWAL S"]
[Site "LAZY, OW "]
[Date "2014.07.08"]
[Round "9.7"]
[White "Plichta, Kamil"]
[Black "Snihur, Piotr"]
[Result "1-0"]
[WhiteElo "2247"]
[BlackElo "2147"]
[PlyCount "55"]
[EventDate "2014.??.??"]

1. c4 e6 2. d4 d5 3. Nc3 Nf6 4. cxd5 exd5 5. Bg5 Be7 6. e3 c6 7. Qc2 O-O 8. Bd3
Nbd7 9. Nge2 Re8 10. O-O h6 11. Bh4 Nb6 12. f3 c5 13. Bf2 c4 14. Bf5 Bxf5 15.
Qxf5 Qd7 16. Qc2 Bd6 17. h3 Qc6 18. Rae1 Bc7 19. Ng3 Rad8 20. Nf5 Nc8 21. e4
dxe4 22. fxe4 Ne7 23. d5 Nfxd5 24. exd5 Nxd5 25. Nxd5 Qxd5 26. Ne7+ Rxe7 27.
Rxe7 Qd6 28. Rfe1 1-0

[Event "X MIEDZYNARODOWY JUBILEUSZOWY FESTIWAL S"]
[Site "LAZY, OW "]
[Date "2014.07.08"]
[Round "9.8"]
[White "Antonov, Alexandr"]
[Black "Jaroch, Pawel"]
[Result "1-0"]
[WhiteElo "2077"]
[BlackElo "2228"]
[PlyCount "119"]
[EventDate "2014.??.??"]

1. e4 e6 2. d4 d5 3. Nd2 c5 4. exd5 Qxd5 5. Ngf3 cxd4 6. Bc4 Qd6 7. O-O Nf6 8.
Nb3 Nc6 9. Nbxd4 Nxd4 10. Nxd4 a6 11. Bb3 Be7 12. c3 e5 13. Nf3 O-O 14. Qxd6
Bxd6 15. Bg5 Ne4 16. Be3 h6 17. Rad1 Bc7 18. Nd2 Nf6 19. Nc4 Be6 20. Bc5 Rfd8
21. Be7 Rxd1 22. Rxd1 Re8 23. Bxf6 gxf6 24. Ne3 Rd8 25. Rxd8+ Bxd8 26. Kf1 f5
27. Bxe6 fxe6 28. g4 fxg4 29. Nxg4 Kg7 30. Nxe5 Bc7 31. Nf3 Kf6 32. Kg2 e5 33.
Nd2 Kf5 34. Kf3 h5 35. Ne4 b6 36. c4 a5 37. a3 h4 38. h3 Bb8 39. Nc3 Bd6 40.
Nd5 e4+ 41. Ke2 Bc5 42. b4 axb4 43. axb4 Bd4 44. Ne7+ Kf4 45. Nc6 Bc3 46. b5
Bg7 47. c5 bxc5 48. b6 Bf8 49. b7 Bd6 50. b8=Q Bxb8 51. Nxb8 c4 52. Nc6 e3 53.
f3 c3 54. Nd4 Kg3 55. Kxe3 Kxh3 56. Nf5 c2 57. Kd2 Kg2 58. Nxh4+ Kg3 59. Kxc2
Kxh4 60. Kd3 1-0

[Event "X MIEDZYNARODOWY JUBILEUSZOWY FESTIWAL S"]
[Site "LAZY, OW "]
[Date "2014.07.08"]
[Round "9.9"]
[White "Poswiatowski, Michal"]
[Black "Zielinski, Wojciech"]
[Result "1/2-1/2"]
[WhiteElo "2013"]
[BlackElo "2185"]
[PlyCount "145"]
[EventDate "2014.??.??"]

1. g3 e5 2. Bg2 d5 3. c4 c6 4. Qa4 dxc4 5. Qxc4 Be6 6. Qc2 Bd6 7. Nc3 Nf6 8.
Nf3 h6 9. d4 Nbd7 10. O-O O-O 11. dxe5 Nxe5 12. Nd4 Re8 13. Nxe6 Rxe6 14. Ne4
Nxe4 15. Bxe4 Qc7 16. Bd2 Rae8 17. Bc3 h5 18. Bf5 R6e7 19. Rad1 Ng4 20. e3 Nh6
21. Bd3 h4 22. Kg2 Be5 23. Qa4 Bxc3 24. bxc3 hxg3 25. hxg3 Qe5 26. Qxa7 Qxc3
27. Qa4 Qe5 28. Rh1 Qd5+ 29. Kg1 Qf3 30. Qc2 Re5 31. Be2 Qf5 32. Bd3 Qf6 33.
Rh4 Rg5 34. Kg2 Ng4 35. Rdh1 g6 36. Qe2 Qc3 37. Bc4 Nf6 38. Rh8+ Kg7 39. R1h7+
Nxh7 40. Rxe8 b5 41. Bb3 Rf5 42. e4 Re5 43. Rxe5 Qxe5 44. f4 Qd4 45. e5 Nf8 46.
e6 fxe6 47. Bxe6 Qd6 48. f5 Nxe6 49. fxe6 Kf6 50. e7 Qxe7 51. Qf3+ Kg7 52. Qxc6
Qe2+ 53. Kh3 Qf1+ 54. Kh2 Qf2+ 55. Kh3 Qf5+ 56. Kh2 Qh5+ 57. Kg2 Qe2+ 58. Kh3
Qf1+ 59. Kh2 Qf2+ 60. Kh3 Qf5+ 61. Kg2 Qe5 62. Qd7+ Kf6 63. Qc6+ Kf5 64. Qf3+
Kg5 65. Qd3 Kf6 66. Qd8+ Kg7 67. Qd7+ Kh6 68. Qd2+ g5 69. Kh2 Kg6 70. Qd3+ Kf6
71. Kg2 Ke6 72. Kh2 Qb2+ 73. Kh3 1/2-1/2

[Event "X MIEDZYNARODOWY JUBILEUSZOWY FESTIWAL S"]
[Site "LAZY, OW "]
[Date "2014.07.08"]
[Round "9.10"]
[White "Jacek, Krystian"]
[Black "Eggink, Mateusz"]
[Result "0-1"]
[WhiteElo "2148"]
[BlackElo "2164"]
[PlyCount "86"]
[EventDate "2014.??.??"]

1. e4 c5 2. Nf3 d6 3. d4 cxd4 4. Nxd4 Nf6 5. Nc3 a6 6. Be3 Ng4 7. Bg5 h6 8. Bh4
g5 9. Bg3 Bg7 10. Be2 Ne5 11. Qd2 Nbc6 12. O-O-O Qa5 13. Nb3 Qd8 14. h4 g4 15.
f4 gxf3 16. gxf3 b5 17. Bf2 h5 18. Rhg1 Kf8 19. Kb1 Rb8 20. Nd5 Bd7 21. Rg2 Nc4
22. Bxc4 bxc4 23. Rxg7 Kxg7 24. Qg5+ Kf8 25. Rg1 Bg4 26. Nd4 f6 27. Nxc6 fxg5
28. Nxd8 Bd7 29. hxg5 Rxd8 30. g6 Rg8 31. Bh4 Re8 32. f4 Bc6 33. f5 Bxd5 34.
exd5 Rc8 35. Re1 Rc7 36. Bf2 Ke8 37. Bd4 Kd7 38. Rh1 Rb7 39. Rxh5 Rb5 40. c3
Rxd5 41. Kc2 Rxg6 42. fxg6 Rxh5 43. g7 Rg5 0-1

[Event "X MIEDZYNARODOWY JUBILEUSZOWY FESTIWAL S"]
[Site "LAZY, OW "]
[Date "2014.07.08"]
[Round "9.11"]
[White "Nowak, Lukasz"]
[Black "Niekras, Dawid"]
[Result "1/2-1/2"]
[WhiteElo "2081"]
[BlackElo "1981"]
[PlyCount "57"]
[EventDate "2014.??.??"]

1. e4 c5 2. Nf3 d6 3. d4 cxd4 4. Nxd4 Nf6 5. Nc3 g6 6. Be3 Bg7 7. f3 O-O 8. Qd2
Nc6 9. O-O-O d5 10. Qe1 e6 11. Nb3 Qc7 12. Kb1 a6 13. Bg5 dxe4 14. fxe4 b5 15.
Qh4 Nd7 16. Rd3 Re8 17. Rh3 Nf8 18. e5 Qxe5 19. Bf4 Qf6 20. Bg5 Qe5 21. Bd3 f5
22. Re1 Qd6 23. Bf1 Bb7 24. Rd1 Qc7 25. g4 Ne5 26. Bf4 Qe7 27. Bg5 Qc7 28. Bf4
Qe7 29. Bg5 1/2-1/2